Statistiques concernant Pays les plus chauds du monde

Cliquez ici pour prendre le quiz!

Statistiques générales

  • Ce quiz a été pris 286 fois
  • Le résultat moyen est 8 sur 20

Statistiques - réponses

Température moyenne en °CPays% Correct
28,25Mali
71%
27,15Niger
69%
27,85Sénégal
67%
27,15Qatar
60%
27,00Émirats arabes unis
57%
27,65Mauritanie
56%
27,05Somalie
56%
28,25Burkina Faso
42%
27,15Togo
40%
27,20Ghana
38%
27,50Gambie
35%
27,55Bénin
33%
28,00Djibouti
31%
27,15Bahreïn
28%
27,65Maldives
21%
27,15Seychelles
18%
28,00Tuvalu
14%
28,20Kiribati
13%
27,60Palaos
12%
27,40Îles Marshall
8%

Distribution des résultats

Percentile par nombre de réponses

% des personnes avec chaque résultat

Votre développement - résultats

Vous n’avez pas pris ce quiz